Children and Abuse (Record n. 207135)

Dettagli MARC
000 -LEADER
fixed length control field 00666npc a2200217Ia 4500
001 - CONTROL NUMBER
control field dg83-37763
003 - CONTROL NUMBER IDENTIFIER
control field IT-MiCISF
008 - FIXED-LENGTH DATA ELEMENTS--GENERAL INFORMATION
fixed length control field 161014s9999||||xx | und||
040 ## - CATALOGING SOURCE
Original cataloging agency IT-MiCISF
Transcribing agency IT-MiCISF
041 ## - LANGUAGE CODE
Language code of text/sound track or separate title en
999 ## - SYSTEM CONTROL NUMBERS (KOHA)
Koha Dewey Subclass [OBSOLETE] si
100 ## - MAIN ENTRY--PERSONAL NAME
Personal name Janson Staffan
240 ## - UNIFORM TITLE
Uniform title Children and Abuse
245 #0 - TITLE STATEMENT
Title Children and Abuse
Remainder of title Corporal Punishment and Other Forms of Child Abuse in Sweden at the End of the Second Mmilennium
250 ## - EDITION STATEMENT
Edition statement 1a ed.
260 ## - PUBLICATION, DISTRIBUTION, ETC. (IMPRINT)
Place of publication, distribution, etc. Sweden
Name of publisher, distributor, etc. Ministry of Health and Social Affairs
Date of publication, distribution, etc. 2001
300 ## - PHYSICAL DESCRIPTION
Extent pp. 4
500 ## - GENERAL NOTE
General note / abuso-di-minore, società /
650 ## - SUBJECT ADDED ENTRY--TOPICAL TERM
Topical term or geographic name as entry element maltrattamenti-violenza
942 ## - ADDED ENTRY ELEMENTS (KOHA)
Koha item type DOCUMENTI
957 ## -
-- 1
999 ## - SYSTEM CONTROL NUMBERS (KOHA)
-- 1
Dati di copia
Withdrawn status Lost status Damaged status Not for loan Home library Current library Date acquired Total Checkouts Full call number Date last seen Price effective from Koha item type Public note
    Buone Condizioni Not For Loan CISF - Milano CISF - Milano 14/10/2016   dg83-37763 14/10/2016 14/10/2016 DOCUMENTI Data import 15.10.2016 / by Epidotti, Vaglietti
CREDITS: SOCIETA' SAN PAOLO Via A.Severo, 58 - ROMA (RM) & PERIODICI SAN PAOLO SRL Via Giotto, 36 MILANO & CISF Via Giotto, 36 MILANO & EDIZIONI SAN PAOLO SRL,  Piazza Soncino, 5 CINISELLO BALSAMO (MI) -- ITALY